000 00494nam a22001577a 4500
005 20251108165454.0
008 250721s1953 xx 000 0 ara d
082 1 4 _aم/031/أحم
100 1 _aتيمور، أحمد
245 1 0 _aالتذكرة التيمورية ، معجم الفوائد و نوادر المسائل /
264 1 _aالقاهره :
_bدار الكتاب العربي،
_c1953.
300 _a460ص
650 1 7 _aالموسوعات
942 _2ddc
_cREF
999 _c28744
_d28744